Two digits that are both chemical element and ISO country code - Statistics

General Stats
  • This quiz has been taken 6 times
  • The average score is 52 of 118
Answer Stats
Answer Hint % Correct
Aluminium Al
100%
Bromine Br
100%
Cadmium Cd
100%
Calcium Ca
100%
Albania
75%
Americium Am
75%
Argentina
75%
Argon Ar
75%
Armenia
75%
Australia
75%
Austria
75%
Barium Ba
75%
Beryllium Be
75%
Brazil
75%
Canada
75%
Cobalt Co
75%
Colombia
75%
Copper Cu
75%
Democratic Republic of the Congo
75%
Gold Au
75%
Krypton Kr
75%
Liberia
75%
Silver Ag
75%
Antigua and Barbuda
50%
Astatine At
50%
Bahrain
50%
Belgium
50%
Bismuth Bi
50%
Bohrium Bh
50%
Burundi
50%
Californium Cf
50%
Cameroon
50%
Central African Republic
50%
Chile
50%
China
50%
Chlorine Cl
50%
Chromium Cr
50%
Copernicium Cn
50%
Costa Rica
50%
Cuba
50%
Curium Cm
50%
East Timor
50%
France
50%
Gabon
50%
Gadolinium Gd
50%
Gallium Ga
50%
Georgia
50%
Germanium Ge
50%
Grenada
50%
India
50%
Indium In
50%
Iran
50%
Iridium Ir
50%
Laos
50%
Lawrencium Lr
50%
Liechtenstein
50%
Lithium Li
50%
Luxembourg
50%
Madagascar
50%
Magnesium Mg
50%
Malta
50%
Manganese Mn
50%
Moldova
50%
Monaco
50%
Mongolia
50%
Niger
50%
Nigeria
50%
Portugal
50%
Russia
50%
Seychelles
50%
Slovenia
50%
South Korea
50%
Sweden
50%
Thailand
50%
Tin Sn
50%
Antimony Sb
25%
Bosnia & Herzegovina
25%
Eritrea
25%
Federated States of Micronesia
25%
Francium Fr
25%
Lanthanum La
25%
Latvia
25%
Lutetium Lu
25%
Meitnerium Mt
25%
Mendelevium Md
25%
Namibia
25%
Neon Ne
25%
Nepal
25%
Neptunium Np
25%
Nickel Ni
25%
Norway
25%
Palladium Pa
25%
Panama
25%
Platinum Pl
25%
Ruthenium Ru
25%
San Marino
25%
Scandium Sc
25%
Selenium Se
25%
Senegal
25%
Silicon Si
25%
Singapore
25%
Solomon Islands
25%
Spain
25%
Suriname
25%
Thallium Tl
25%
Thulium Tm
25%
Turkmenistan
25%
Einsteinium Es
0%
Erbium Er
0%
Fermium Fm
0%
Livermorium Lv
0%
Moscovium Mc
0%
Nobelium No
0%
Samarium Sm
0%
Seaborgium Sg
0%
Sodium Na
0%
Strontium Sr
0%
Thorium Th
0%
No matching quizzes found
Score Distribution
Percent of People with Each Score
Percentile by Number Answered
Your Score History
You have not taken this quiz